[Event "Mecklenburg VP Verbandsliga 2223"]
[Site "Mecklenburg VP"]
[Date "2023.02.26"]
[Round "6.1"]
[White "Von Alvensleben, Wolfram"]
[Black "Kist, Eike Andreas"]
[Result "1/2-1/2"]
[WhiteElo "2243"]
[BlackElo "1697"]
[PlyCount "92"]
[EventDate "2022.10.23"]
[EventType "team-tourn"]
[EventRounds "9"]
[EventCountry "GER"]
[SourceTitle "EXT 2024"]
[Source "ChessBase"]
[SourceDate "2023.10.10"]
[SourceVersion "1"]
[SourceVersionDate "2023.10.10"]
[SourceQuality "1"]
[WhiteTeam "Guestrow/Teterow"]
[BlackTeam "Think Rochade"]
[WhiteTeamCountry "GER"]
[BlackTeamCountry "GER"]

1. d4 Nf6 2. c4 c5 3. e3 cxd4 4. exd4 d5 5. Nc3 e6 6. Nf3 Nc6 7. c5 Bd7 8. Bb5 Ne4 9. 0-0 Nxc3 10. bxc3 Be7 11. Re1 0-0 12. Bf4 Qa5 13. Qb3 b6 14. cxb6 axb6 15. a4 Qa7 16. Qb1 Rfc8 17. Re3 Bf8 18. Ng5 g6 19. h4 Ne7 20. Bxd7 Qxd7 21. Qxb6 Rxa4 22. Rae1 Rc6 23. Qb5 Rac4 24. Rf3 h5 25. Bd2 Nf5 26. Qb8 Rc7 27. Rb1 Qc8 28. g3 Qxb8 29. Rxb8 Rc8 30. Rb7 R4c7 31. Rb3 Bh6 32. Rd3 Bxg5 33. Bxg5 Ra7 34. Rd1 Nd6 35. f3 Ra2 36. Rd2 Ra1+ 37. Kf2 Rc1 38. Bf4 Nf5 39. g4 hxg4 40. fxg4 Ng7 41. Ra2 R1xc3 42. Rxc3 Rxc3 43. Ra8+ Kh7 44. Ra7 Kg8 45. Ra8+ Kh7 46. Ra7 Kg8 1/2-1/2

[Event "Oberliga Nord W 9900"]
[Site "Germany"]
[Date "2000.04.09"]
[Round "9.2"]
[White "Von Alvensleben, Wolfram"]
[Black "Rzehak, Michael"]
[Result "1/2-1/2"]
[WhiteElo "2245"]
[BlackElo "2187"]
[PlyCount "53"]
[EventDate "1999.10.??"]
[EventType "team-tourn"]
[EventRounds "9"]
[EventCountry "GER"]
[SourceTitle "EXT 2003"]
[Source "ChessBase"]
[SourceDate "2002.11.25"]
[SourceVersion "1"]
[SourceVersionDate "2002.11.25"]
[SourceQuality "1"]
[WhiteTeam "Hannover SV"]
[BlackTeam "Bad Harzburg"]
[WhiteTeamCountry "GER"]
[BlackTeamCountry "GER"]

1. d4 d5 2. c4 e6 3. Nf3 c6 4. g3 f5 5. Bg2 Nf6 6. 0-0 Bd6 7. Bf4 Bxf4 8. gxf4 0-0 9. e3 b6 10. Nbd2 Bb7 11. Qc2 Nbd7 12. cxd5 cxd5 13. b4 Qe7 14. b5 Rfc8 15. Qb2 a5 16. Rfc1 Ne4 17. Rxc8+ Rxc8 18. Rc1 Qb4 19. Rxc8+ Bxc8 20. Qxb4 axb4 21. Nxe4 dxe4 22. Nd2 Bb7 23. Nc4 Bd5 24. Bf1 Kf7 25. Be2 Ke7 26. Kf1 Kd8 27. Ke1 1/2-1/2

[Event "Oberliga Nord W 9900"]
[Site "Germany"]
[Date "1999.10.10"]
[Round "1.1"]
[White "Von Alvensleben, Wolfram"]
[Black "Richter, Matthias Alexander"]
[Result "1/2-1/2"]
[WhiteElo "2245"]
[BlackElo "2265"]
[PlyCount "56"]
[EventDate "1999.10.??"]
[EventType "team-tourn"]
[EventRounds "9"]
[EventCountry "GER"]
[SourceTitle "EXT 2003"]
[Source "ChessBase"]
[SourceDate "2002.11.25"]
[SourceVersion "1"]
[SourceVersionDate "2002.11.25"]
[SourceQuality "1"]
[WhiteTeam "Hannover SV"]
[BlackTeam "Buxtehude"]
[WhiteTeamCountry "GER"]
[BlackTeamCountry "GER"]

1. d4 d5 2. c4 c6 3. Nf3 Nf6 4. Qc2 g6 5. Bf4 Bg7 6. e3 Bf5 7. Qb3 Qb6 8. Nc3 dxc4 9. Bxc4 Qxb3 10. Bxb3 Nbd7 11. h3 Bd3 12. 0-0-0 Ba6 13. e4 Nb6 14. d5 cxd5 15. exd5 0-0 16. Rhe1 Rfe8 17. Ne5 Nfd7 18. Nxd7 Nxd7 19. Ba4 Bxc3 20. bxc3 b5 21. Bb3 Nc5 22. Re3 Bb7 23. f3 a5 24. d6 exd6 25. Rxd6 Rac8 26. Kd2 a4 27. Bc2 Red8 28. Kc1 Bd5 1/2-1/2

[Event "Niedersachsen-ch"]
[Site "Bad Lauterberg"]
[Date "1999.04.01"]
[Round "8"]
[White "Von Alvensleben, Wolfram"]
[Black "Olzem, Lothar"]
[Result "1/2-1/2"]
[WhiteElo "2245"]
[BlackElo "2210"]
[PlyCount "51"]
[EventDate "1999.??.??"]
[EventType "swiss"]
[EventRounds "9"]
[EventCountry "GER"]
[SourceTitle "EXT 2004"]
[Source "ChessBase"]
[SourceDate "2003.11.25"]
[SourceVersion "1"]
[SourceVersionDate "2003.11.25"]
[SourceQuality "1"]

1. d4 Nf6 2. c4 c5 3. d5 b5 4. a4 b4 5. Nd2 e5 6. e4 g6 7. Ngf3 d6 8. g3 Bh6 9. Qe2 Bd7 10. b3 Qe7 11. Bg2 Na6 12. 0-0 Nc7 13. Ne1 Nh5 14. Nd3 0-0 15. f4 exf4 16. gxf4 Nxf4 17. Nxf4 Bxf4 18. Nf3 Bxc1 19. Raxc1 Bg4 20. Rce1 Rae8 21. e5 Qd7 22. Qf2 Bxf3 23. Bxf3 Qe7 24. Bg2 dxe5 25. Qf6 Qd7 26. Re3 1/2-1/2

[Event "Oberliga Nord W 9798"]
[Site "Germany"]
[Date "1998.03.01"]
[Round "7.1"]
[White "Sawadkuhi, Massoud Amir"]
[Black "Von Alvensleben, Wolfram"]
[Result "0-1"]
[WhiteElo "2260"]
[BlackElo "2225"]
[PlyCount "79"]
[EventDate "1997.10.??"]
[EventType "team-tourn"]
[EventRounds "9"]
[EventCountry "GER"]
[SourceTitle "EXT 2003"]
[Source "ChessBase"]
[SourceDate "2002.11.25"]
[SourceVersion "1"]
[SourceVersionDate "2002.11.25"]
[SourceQuality "1"]
[WhiteTeam "Bremen Nord"]
[BlackTeam "Hannover SV"]
[WhiteTeamCountry "GER"]
[BlackTeamCountry "GER"]

1. e4 c6 2. d4 d5 3. Nd2 dxe4 4. Nxe4 Bf5 5. Ng3 Bg6 6. Nf3 Nd7 7. Bd3 e6 8. 0-0 Ngf6 9. c4 Be7 10. b3 0-0 11. Bxg6 hxg6 12. Bb2 Qc7 13. Qe2 Rad8 14. Rad1 Rfe8 15. Ne4 c5 16. Neg5 Nh5 17. h4 Qf4 18. g3 Qg4 19. Qe4 Qxe4 20. Nxe4 Nhf6 21. Nxc5 Nxc5 22. dxc5 Bxc5 23. Ne5 Ne4 24. Nd7 Nxg3 25. Nxc5 Nxf1 26. Rxf1 b6 27. Na4 Rd2 28. Bc3 Rxa2 29. Rd1 Ra3 30. Rb1 Rd8 31. Kf1 Rd3 32. Ke2 Rh3 33. f3 Rxh4 34. Be5 f6 35. Bb8 b5 36. cxb5 Rb4 37. Rc1 Rbxb3 38. Rc8+ Kh7 39. Nc5 Rb2+ 40. Kf1 0-1

[Event "Oberliga Nord W 9697"]
[Site "Germany"]
[Date "1997.02.16"]
[Round "6.2"]
[White "Von Alvensleben, Wolfram"]
[Black "Boehnisch, Manfred"]
[Result "0-1"]
[WhiteElo "2250"]
[BlackElo "2295"]
[PlyCount "64"]
[EventDate "1996.10.??"]
[EventType "team-tourn"]
[EventRounds "9"]
[EventCountry "GER"]
[SourceTitle "EXT 2003"]
[Source "ChessBase"]
[SourceDate "2002.11.25"]
[SourceVersion "1"]
[SourceVersionDate "2002.11.25"]
[SourceQuality "1"]
[WhiteTeam "Hannover SV"]
[BlackTeam "Isernhagen"]
[WhiteTeamCountry "GER"]
[BlackTeamCountry "GER"]

1. d4 d5 2. c4 c6 3. Nf3 Nf6 4. Nc3 dxc4 5. Ne5 b5 6. g3 Bb7 7. Bg2 a6 8. 0-0 e6 9. a4 Qb6 10. e4 Nbd7 11. Be3 Rd8 12. Qe2 Qc7 13. Bf4 Nxe5 14. Bxe5 Qb6 15. d5 Nd7 16. a5 Qc5 17. Bc7 Rc8 18. Bf4 e5 19. Be3 Qd6 20. dxc6 Qxc6 21. Bh3 Rd8 22. Rfd1 Be7 23. Nd5 Nf6 24. Bb6 Rd6 25. Nxf6+ Bxf6 26. Rxd6 Qxd6 27. Rd1 Qb4 28. Qe3 Be7 29. Bd7+ Kf8 30. f3 h5 31. h4 Rh6 32. Bc7 Bc5 0-1

[Event "Balatonbereny op"]
[Site "Balatonbereny"]
[Date "1997.??.??"]
[Round "8"]
[White "Gross, Stefan"]
[Black "Von Alvensleben, Wolfram"]
[Result "0-1"]
[WhiteElo "2340"]
[BlackElo "2250"]
[PlyCount "146"]
[EventDate "1997.??.??"]
[EventType "swiss"]
[EventRounds "9"]
[EventCountry "HUN"]
[SourceTitle "EXT 2001"]
[Source "ChessBase"]
[SourceDate "2000.11.22"]
[SourceVersion "1"]
[SourceVersionDate "2000.11.22"]
[SourceQuality "1"]

1. e4 d5 2. exd5 Nf6 3. d4 Bg4 4. Be2 Bxe2 5. Qxe2 Qxd5 6. Nf3 e6 7. Bf4 c6 8. 0-0 Be7 9. Nbd2 Nbd7 10. c3 0-0 11. Rfd1 Qf5 12. Bg3 Rad8 13. Ne5 Nh5 14. Ndc4 Nxg3 15. hxg3 Nxe5 16. Qxe5 Qxe5 17. Nxe5 Rd5 18. Nc4 Rfd8 19. b4 Bf6 20. f4 b6 21. Ne3 R5d7 22. Rab1 Kf8 23. Kf1 c5 24. dxc5 bxc5 25. bxc5 Bxc3 26. c6 Rxd1+ 27. Nxd1 Ba5 28. Ne3 Rc8 29. Nc4 Bd8 30. Rb7 Rxc6 31. Rxf7+ Kxf7 32. Ne5+ Ke8 33. Nxc6 Bb6 34. Ke2 Kd7 35. Ne5+ Kd6 36. Kd3 Kd5 37. Ng4 Bg1 38. Ke2 Ke4 39. Ne5 Bc5 40. Nf3 h6 41. Nd2+ Kd5 42. Kd3 Bb4 43. Nf1 Bc5 44. Nd2 Bd6 45. Ne4 Bb4 46. g4 Be1 47. g5 hxg5 48. Nxg5 Bg3 49. Ke3 a5 50. Ne4 Bh2 51. g3 Bg1+ 52. Kd3 Bd4 53. a4 Bb2 54. Nd2 Bf6 55. Nc4 Bd8 56. g4 Bc7 57. f5 exf5 58. gxf5 Bd8 59. Kc3 Bh4 60. Kd3 Be1 61. Ne3+ Ke5 62. Ke2 Ke4 63. Nc2 Bh4 64. Ne3 Bd8 65. Nc4 Kxf5 66. Kf3 Bc7 67. Ne3+ Ke5 68. Kg4 Ke4 69. Nf5 Be5 70. Ne7 Bf6 71. Nc6 Bc3 72. Kg5 Kd5 73. Na7 Kc5 0-1

[Event "BL2-Nord 9495"]
[Site "Germany"]
[Date "1995.??.??"]
[Round "5.4"]
[White "Von Alvensleben, Wolfram"]
[Black "Klimm, Wolf Dietrich"]
[Result "1/2-1/2"]
[WhiteElo "2235"]
[BlackElo "2240"]
[PlyCount "87"]
[EventDate "1994.10.??"]
[EventType "team-tourn"]
[EventRounds "9"]
[EventCountry "GER"]
[SourceTitle "GER-chT2"]
[Source "ChessBase"]
[SourceDate "1999.07.01"]
[SourceVersion "1"]
[SourceVersionDate "1999.07.01"]
[SourceQuality "1"]
[WhiteTeam "Hannover SV"]
[BlackTeam "Zehlendorf"]
[WhiteTeamCountry "GER"]
[BlackTeamCountry "GER"]

1. d4 Nf6 2. Nf3 e6 3. Bf4 b6 4. e3 Bb7 5. Nbd2 c5 6. c3 cxd4 7. exd4 Be7 8. Bd3 0-0 9. 0-0 d6 10. Qe2 Nbd7 11. h3 Re8 12. Ba6 Qc8 13. Bxb7 Qxb7 14. a4 a6 15. Rfe1 h6 16. Nh2 b5 17. axb5 axb5 18. Ng4 Nxg4 19. hxg4 Nf6 20. Bg3 Qd5 21. Nf1 Qc4 22. Qf3 d5 23. Nd2 Qc6 24. Bh4 b4 25. Bxf6 Bxf6 26. Qd3 bxc3 27. bxc3 Rxa1 28. Rxa1 Rc8 29. Rc1 Bg5 30. Rc2 Bxd2 31. Qxd2 Qc4 32. Qe3 Rb8 33. Kh2 Rb1 34. f4 Qf1 35. Rf2 Re1 36. Qf3 Qa6 37. f5 Qd6+ 38. g3 e5 39. dxe5 Qxe5 40. Rd2 Re4 41. Kh3 Kh7 42. Rd3 Kg8 43. Rd2 Kf8 44. Rd1 1/2-1/2

[Event "BL2-Nord 9495"]
[Site "Germany"]
[Date "1995.??.??"]
[Round "7.4"]
[White "Von Alvensleben, Wolfram"]
[Black "Lorenz, Sascha"]
[Result "0-1"]
[WhiteElo "2235"]
[BlackElo "2285"]
[PlyCount "70"]
[EventDate "1994.10.??"]
[EventType "team-tourn"]
[EventRounds "9"]
[EventCountry "GER"]
[SourceTitle "GER-chT2"]
[Source "ChessBase"]
[SourceDate "1999.07.01"]
[SourceVersion "1"]
[SourceVersionDate "1999.07.01"]
[SourceQuality "1"]
[WhiteTeam "Hannover SV"]
[BlackTeam "Koenig Tegel"]
[WhiteTeamCountry "GER"]
[BlackTeamCountry "GER"]

1. d4 Nf6 2. c4 c5 3. d5 b5 4. cxb5 a6 5. Nc3 axb5 6. e4 b4 7. Nb5 d6 8. Bc4 Nbd7 9. Nf3 Nb6 10. b3 Nxe4 11. 0-0 Nxc4 12. bxc4 Nc3 13. Nxc3 bxc3 14. Ng5 h6 15. Ne4 g6 16. Nxc3 Bg7 17. Bd2 0-0 18. Qb3 Bf5 19. Rad1 Qa5 20. Rfe1 Rfb8 21. Nb5 Qxa2 22. Qxa2 Rxa2 23. Rxe7 Bf8 24. Ree1 Bd7 25. Nc3 Rc2 26. Ne4 Bf5 27. Nf6+ Kh8 28. g4 Kg7 29. Re8 Bxg4 30. f3 Bxf3 31. Rf1 Rb3 32. Rf2 Kxf6 33. Bg5+ Kxg5 34. Rxc2 Bg7 35. Re7 Bd4+ 0-1

[Event "BL2-Nord 9495"]
[Site "Germany"]
[Date "1995.??.??"]
[Round "2.4"]
[White "Von Alvensleben, Wolfram"]
[Black "Pekarek, Ales"]
[Result "1-0"]
[WhiteElo "2235"]
[BlackElo "2415"]
[PlyCount "99"]
[EventDate "1994.10.??"]
[EventType "team-tourn"]
[EventRounds "9"]
[EventCountry "GER"]
[SourceTitle "GER-chT2"]
[Source "ChessBase"]
[SourceDate "1999.07.01"]
[SourceVersion "1"]
[SourceVersionDate "1999.07.01"]
[SourceQuality "1"]
[WhiteTeam "Hannover SV"]
[BlackTeam "Delmenhorst"]
[WhiteTeamCountry "GER"]
[BlackTeamCountry "GER"]

1. d4 d5 2. Nf3 c6 3. c4 e6 4. Nc3 Nf6 5. g3 Nbd7 6. Bg2 dxc4 7. a4 Bb4 8. 0-0 0-0 9. Qc2 Re8 10. Na2 Bd6 11. Qxc4 e5 12. Nc3 Qe7 13. a5 h6 14. e3 Rb8 15. a6 b5 16. Qb3 Rb6 17. Rd1 Bxa6 18. dxe5 Bxe5 19. Nxe5 Nxe5 20. e4 Nc4 21. Qc2 b4 22. Na4 b3 23. Qc3 Rbb8 24. Bf4 Rb7 25. Rd4 Nh5 26. Rxc4 Bxc4 27. Qxc4 Nxf4 28. gxf4 Qf6 29. e5 Qg6 30. Qxc6 Rbb8 31. Qxg6 fxg6 32. Nc5 Red8 33. Ne4 Rbc8 34. Nd6 Rc2 35. Rb1 Kh7 36. Be4 Re2 37. Kf1 Rd2 38. Ke1 Rd4 39. f3 a5 40. Ra1 a4 41. Ke2 Rb4 42. Ke3 Rdb8 43. h4 h5 44. Rg1 a3 45. bxa3 Ra4 46. Bxg6+ Kg8 47. e6 Kf8 48. Nf5 b2 49. e7+ Kg8 50. Nh6+ 1-0

[Event "Oberliga Nord W 9293"]
[Site "Germany"]
[Date "1993.04.25"]
[Round "8.3"]
[White "Von Alvensleben, Wolfram"]
[Black "Andre, Wolfgang"]
[Result "1-0"]
[WhiteElo "2230"]
[BlackElo "2220"]
[PlyCount "131"]
[EventDate "1992.10.??"]
[EventType "team-tourn"]
[EventRounds "9"]
[EventCountry "GER"]
[SourceTitle "EXT 2003"]
[Source "ChessBase"]
[SourceDate "2002.11.25"]
[SourceVersion "1"]
[SourceVersionDate "2002.11.25"]
[SourceQuality "1"]
[WhiteTeam "Hannover SV"]
[BlackTeam "Osnabrueck SV"]
[WhiteTeamCountry "GER"]
[BlackTeamCountry "GER"]

1. d4 Nf6 2. c4 g6 3. Nc3 d5 4. Nf3 Bg7 5. Bf4 0-0 6. e3 c5 7. dxc5 Qa5 8. Rc1 Be6 9. Ng5 Nc6 10. Be2 Rad8 11. Nxe6 fxe6 12. Qa4 Qxc5 13. 0-0 d4 14. exd4 Nxd4 15. Be3 Nxe2+ 16. Nxe2 Qe5 17. h3 a6 18. Nc3 Ne4 19. Nxe4 Qxe4 20. Qc2 Rd3 21. Rfe1 Qf5 22. Qe2 Rfd8 23. b3 e5 24. Rc2 R8d7 25. Bc1 R3d6 26. Ba3 Rd4 27. Bb2 R4d6 28. c5 Rd5 29. Qe4 Qf6 30. b4 Bh6 31. Rce2 Rd4 32. Bxd4 exd4 33. Rd1 Bg7 34. Rd3 e5 35. a4 Qg5 36. g3 Qc1+ 37. Kg2 Qc4 38. b5 axb5 39. axb5 Qxb5 40. Rc2 Qc6 41. Qxc6 bxc6 42. Kf3 Rd5 43. Ke4 Kf7 44. Ra2 Ke6 45. Ra7 Bf6 46. Rxh7 Rxc5 47. f4 Rc1 48. fxe5 Bxe5 49. Ra3 Re1+ 50. Kf3 c5 51. Ra6+ Bd6 52. Rg7 Kd5 53. Rxg6 Re3+ 54. Kf2 Be5 55. h4 Rc3 56. h5 Rc2+ 57. Ke1 d3 58. Rg5 Ke4 59. Re6 Re2+ 60. Kd1 Kd4 61. h6 c4 62. Rgxe5 Ra2 63. Re4+ Kc3 64. Ke1 Rh2 65. Rh4 Rg2 66. Kf1 1-0

[Event "Oberliga Nord W 9293"]
[Site "Germany"]
[Date "1993.01.31"]
[Round "5.5"]
[White "Pape, Joerg"]
[Black "Von Alvensleben, Wolfram"]
[Result "0-1"]
[WhiteElo "2310"]
[BlackElo "2230"]
[PlyCount "74"]
[EventDate "1992.10.??"]
[EventType "team-tourn"]
[EventRounds "9"]
[EventCountry "GER"]
[SourceTitle "EXT 2003"]
[Source "ChessBase"]
[SourceDate "2002.11.25"]
[SourceVersion "1"]
[SourceVersionDate "2002.11.25"]
[SourceQuality "1"]
[WhiteTeam "Hameln"]
[BlackTeam "Hannover SV"]
[WhiteTeamCountry "GER"]
[BlackTeamCountry "GER"]

1. Nf3 Nf6 2. g3 d5 3. Bg2 c6 4. d3 Bf5 5. 0-0 h6 6. Nbd2 e6 7. c4 Be7 8. cxd5 exd5 9. Nd4 Bh7 10. Bh3 0-0 11. Nf5 Bc5 12. Nb3 Bb6 13. Bd2 Re8 14. Bc3 Nbd7 15. Nd6 Re7 16. Nf5 Re8 17. a4 a5 18. Nd6 Re7 19. Re1 Ne5 20. Nxb7 Bxf2+ 21. Kxf2 Nfg4+ 22. Bxg4 Nxg4+ 23. Kf3 Re3+ 24. Kg2 Qc7 25. Rf1 Rxg3+ 26. hxg3 Ne3+ 27. Kh2 Nxd1 28. Raxd1 Qxb7 29. Nxa5 Qb6 30. b4 c5 31. Rb1 c4 32. Rbd1 Qe3 33. b5 Qxe2+ 34. Kg1 Bxd3 35. b6 Be4 36. Rd2 Qe3+ 37. Rdf2 Qxg3+ 0-1

[Event "Wichern op 2nd"]
[Site "Hamburg"]
[Date "1993.??.??"]
[Round "6"]
[White "Hermesmann, Hans"]
[Black "Von Alvensleben, Wolfram"]
[Result "1-0"]
[WhiteElo "2305"]
[BlackElo "2235"]
[PlyCount "79"]
[EventDate "1993.10.??"]
[EventType "swiss"]
[EventRounds "9"]
[EventCountry "GER"]
[SourceTitle "EXT 1997"]
[Source "ChessBase"]
[SourceDate "1996.11.15"]
[SourceVersion "1"]
[SourceVersionDate "1996.11.15"]
[SourceQuality "1"]

1. d4 Nf6 2. c4 g6 3. Nc3 Bg7 4. e4 0-0 5. f3 c5 6. d5 d6 7. Bg5 e6 8. Qd2 exd5 9. cxd5 a6 10. a4 h6 11. Be3 h5 12. Nge2 Nbd7 13. Nc1 Ne5 14. Be2 Nh7 15. f4 Ng4 16. Bxg4 hxg4 17. 0-0 Re8 18. N1e2 f5 19. e5 dxe5 20. Bxc5 Bd7 21. fxe5 Bxe5 22. Bd4 Qf6 23. Rad1 b5 24. axb5 axb5 25. b4 Qd6 26. Bxe5 Rxe5 27. Nf4 Rc8 28. Nd3 Re7 29. Nc5 Nf6 30. Qd4 Rh7 31. g3 Kf7 32. N5e4 Nxe4 33. Nxe4 Qe7 34. d6 Qd8 35. Nc5 Bc6 36. Rfe1 Ra8 37. Re7+ Kg8 38. Ne6 Rxe7 39. Nxd8 Rxd8 40. Qb6 1-0